Statistics for 5 Stages of Grief

Click here to take the quiz!

General Stats

  • This quiz has been taken 35 times
  • The average score is 4 of 5

Answer Stats

Answer% Correct
Acceptance
94%
Denial
94%
Anger
88%
Bargaining
67%
Depression
58%

Score Distribution

Percentile by Number Answered

Percent of People with Each Score

Your Score History

You have not taken this quiz